|
|
|
|
| LEADER |
00000nab a2200000 a 4500 |
| 001 |
vtls000588047 |
| 003 |
SK-MaSNL |
| 005 |
20260304093238.0 |
| 008 |
250425c1996 xo 0 slo |
| 015 |
|
|
|a SNBRB19rr/mm-uuuuu
|
| 035 |
|
|
|a CL0588186
|
| 035 |
|
|
|a urn:nbn:sk:snk-ab1j35
|
| 035 |
|
|
|a (urnnbn)urn:nbn:sk:snk:ar-0045gb
|
| 035 |
|
|
|a (uuid)4829b14f-7b1a-4742-9a43-2f8e0f6dd03d
|
| 040 |
|
|
|a SNKBUCL
|b slo
|c SNKBUCL
|e AACR2
|
| 041 |
0 |
|
|a slo
|
| 044 |
|
|
|a xo
|c SK
|
| 080 |
|
|
|a 937
|2 1981
|
| 080 |
|
|
|a 008(37)
|2 1981
|
| 100 |
1 |
|
|a Valachovič, Pavol,
|d 1951-
|4 aut
|9 225340
|
| 245 |
1 |
0 |
|a Literáti v purpure
|b Kultúra v antickom Ríme
|c Pavol Valachovič
|
| 300 |
|
|
|b Obr. 3
|
| 650 |
0 |
7 |
|a kultúra
|2 snkbucl
|9 886
|
| 650 |
0 |
7 |
|a antická kultúra
|2 snkbucl
|9 375884
|
| 651 |
|
7 |
|a Rímska ríša
|2 snkbucl
|9 212347
|
| 655 |
|
7 |
|a články z novín a časopisov
|2 snkbucl
|9 267496
|
| 773 |
0 |
|
|t Historická revue
|g Roč. 7, č. 3 (1996), s. 2-3
|
| 850 |
|
|
|a Slovenská národná knižnica
|
| 852 |
|
|
|a Slovenská národná knižnica
|
| 954 |
|
|
|a odborná, vedecká literatúra pôvodná (slovenská)
|2 lita
|
| 958 |
|
|
|a article27
|
| 958 |
|
|
|a RK
|
| 958 |
|
|
|a OND
|
| 958 |
|
|
|a EUIPO
|
| 992 |
|
|
|a RBX
|
| 999 |
|
|
|c 2822313
|d 2824243
|